000 00850cam a2200229u 4500
999 _c130298
_d130298
001 8841825
003 ARRUPE
005 20200205090214.0
008 830202s1952 enkac 000 0 eng
010 _a 52002966
040 _aDLC
_cCarP
_dDLC
043 _ae-uk---
050 0 0 _aDA559.5
_b.W38
100 1 _aWatson, Vera,
_d1906- [from old catalog]
_949357
245 1 2 _aA queen at home;
_ban intimate account of the social and domestic life of Queen Victoria's court.
_cVera Watson
260 _aLondon,
_bW. H. Allen,
_c1952.
300 _a264 p.
_billus., ports.
_c22 cm.
600 0 0 _aVictoria,
_cQueen of Great Britain,
_d1819-1901
_xRelations with courts and courtiers.
_949358
651 0 _aGreat Britain
_xCourt and courtiers
_xHistory
_y19th century.
_949359
906 _a0
_bcbc
_cpremunv
_du
_encip
_f19
_gy-gencatlg
942 _2lcc
_cMONOGRAPH